| 000 | 00508nam a2200157 4500 | ||
|---|---|---|---|
| 008 | 240118b |||||||| |||| 00| 0 eng d | ||
| 020 | _a9783510401 | ||
| 082 |
_a305.42 _bWOM |
||
| 245 |
_aWomen's human rights violations in Nigeria: _bJanuary 15, 1966- May 29, 1999 |
||
| 260 |
_aLagos: _bBAOBAB for women's human rights _c[1999?] |
||
| 300 |
_a93 p. _bbibliography included |
||
| 650 | _aHUMAN RIGHTS-Nigeria | ||
| 650 | _aWomen's rights-Violations-Nigeria | ||
| 700 |
_aImam, Ayesha M. _ecomp. |
||
| 942 | _cRP | ||
| 999 |
_c4654 _d4654 |
||